000 00603nam a2200217Ia 4500
005 20250508165733.0
008 008 250505s9999 xx 000 0 eng d
020 _a81-86706-98-4
037 _aTextual
040 _aFEDL
_beng
_cFEDL
041 _aeng
_2eng
084 _a305.4, IVE
_qFEDL
100 _aIvekovic Rada Ed.
245 0 _aFrom gender to nation
260 _aNew Delhi, India
_bZubaan: An Imprint of Kali for Women
_c2006
300 _a226p.
365 _aINR
_b350
700 _a Mostov Julie Ed.
_9781766
942 _cTEXL
_h305.4, IVE
999 _c1397139
_d1397139